00530nam a2200145Ia 450000500170000000800410001710000310005824501120008926000090020130000100021065000260022094200070024699900150025395201160026820260328101457.0260328s9999||||xx |||||||||||||| ||und|| aUribe González, Mauricio 0aLa Casa Grande :b Un Centro Cultural comunitario en cada municipio del País /cMauricio Uribe González bCEAM a45 p. aARQUITECTURA REGIONAL cBK c8870d8870 001040708GENaGPCbGPCcGENd2026-03-28i2669l0o720.75 Ur 33p2669r2026-03-28 15:14:57t1w2026-03-28yBK